00538nam a2200205Ia 450000500170000000800410001708200200005810000110007824500780008926000470016730000120021465000070022665000100023365000170024365000190026065000140027965000100029365000140030365000150031720250217005750.0240331s9999 xx 000 0 und d bCEN2137a305.4 aCENWOR 0aThe UN Decade for Women:bProgress and Achievements of Women in Sri Lanka aColombobCentre for Women's Researchc1989 a218 p., aUN aWomen aDevelopment  aWomen's Health aFeminism  aMedia aEducation aEmployment